| 000 | 00687nam a22002057a 4500 | ||
|---|---|---|---|
| 999 |
_c10939 _d10939 |
||
| 003 | AR-CdUCM | ||
| 008 | 190402b ||||| |||| 00| 0 spa d | ||
| 040 |
_aMUNICIPALIDAD PROVINCIAL DEL CUSCO _cBIBLIOTECA MUNICIPAL DEL CUSCO |
||
| 082 |
_a700 / _bM12 / 1953 |
||
| 100 |
_aMacedo Arguedas, Alfredo _912315 |
||
| 245 |
_aTeatro infantil : _bComedias - sainetes - diálogos - versos - canciones / |
||
| 260 |
_aPuno : _bCamacho, _c1953. |
||
| 300 |
_a141 paginas ; _c21 cm. |
||
| 505 | _aContenido : Dedicatoria -- Comedia -- Sainetes -- Diálogos -- Poesía ... | ||
| 650 |
_aTeatro _9173 |
||
| 650 |
_aInfantil _96210 |
||
| 650 |
_aPuno _93897 |
||
| 942 |
_2ddc _cLIBROS |
||
| 945 | _arah | ||